ՀՀ Գիտությունների ազգային ակադեմիայի հիմնարար գիտական գրադարան  =   Fundamental Scientific Library of NAS RA

Дневники : (Record no. 533358)

MARC details
000 -LEADER
fixed length control field 00979nam a22002297a 4500
001 - CONTROL NUMBER
control field 2009305
003 - CONTROL NUMBER IDENTIFIER
control field AM-YEHGA
005 - DATE AND TIME OF LATEST TRANSACTION
control field 20250618080207.0
008 - FIXED-LENGTH DATA ELEMENTS--GENERAL INFORMATION
fixed length control field 250228s1929 ru ac|||r|||||||||0|rus|d
040 ## - CATALOGING SOURCE
Original cataloging agency AM-YeHGA
041 0# - LANGUAGE CODE
Language code of text/sound track or separate title rus
090 ## - LOCALLY ASSIGNED LC-TYPE CALL NUMBER (OCLC); LOCAL CALL NUMBER (RLIN)
-- 572377
100 1# - MAIN ENTRY--PERSONAL NAME
Personal name Вульф, Алексей Николаевич
245 10 - TITLE STATEMENT
Title Дневники :
Remainder of title (любовный быт Пушкинской эпохи) /
Statement of responsibility, etc. А.Н. Вульф ; Со ст. М.И. Семевского "Прогулка в Тригорское" ; Ред. и вступ. ст. П.Е. Щеголева.
260 ## - PUBLICATION, DISTRIBUTION, ETC.
Place of publication, distribution, etc. Москва :
Name of publisher, distributor, etc. Федерация,
Date of publication, distribution, etc. 1929.
300 ## - PHYSICAL DESCRIPTION
Extent 445, [1] с. :
Other physical details [6] л. ил., портр.
600 14 - SUBJECT ADDED ENTRY--PERSONAL NAME
Personal name Пушкин, Александр Сергеевич,
Dates associated with a name 1799-1837
9 (RLIN) 8888
650 14 - SUBJECT ADDED ENTRY--TOPICAL TERM
Topical term or geographic name entry element Русская литература
650 14 - SUBJECT ADDED ENTRY--TOPICAL TERM
Topical term or geographic name entry element Персоналии писателей
700 1# - ADDED ENTRY--PERSONAL NAME
Personal name Щеголев, Павел Елисеевич
Relator term ред.
Relationship edt
942 ## - ADDED ENTRY ELEMENTS (KOHA)
Source of classification or shelving scheme Universal Decimal Classification
Koha item type Գրքեր / Books
Holdings
Withdrawn status Lost status Source of classification or shelving scheme Damaged status Not for loan Collection Home library Current library Date acquired Total checkouts Full call number Barcode Date last seen Price effective from Koha item type Public note
    Universal Decimal Classification     Kusikian Individual Collection Fundamental Scientific Library Fundamental Scientific Library 28/02/2025   Кус/1424 FL0689446 28/02/2025 28/02/2025 Գրքեր / Books ILL Non-Circ.


ՀՀ ԳԱԱ հիմնարար գիտական գրադարան
ՀՀ,Երևան 0019
Մարշալ Բաղրամյան 24/6
հեռախոս:(374-10) 52-47-50
Հետադարձ կապ

All site content, except where otherwise noted, is licensed under a
Creative Commons License